000 00255nam a22001217a 4500
008 170224b xxu||||| |||| 00| 0 srb d
041 _asrb
080 _a61
100 _a4
101 _aSHM
245 _aINTERNA MEDICINA
_cSTEFANOVIC, S
942 _2udc
_cBK
999 _c6238
_d6238